[Event "3.Nord-West-Cup"]
[Site "?"]
[Date "2001.02.02"]
[Round "2"]
[White "Miezis, Normunds"]
[Black "Heinemann, Ernst"]
[Result "1-0"]
[WhiteElo "2524"]
[BlackElo "2198"]
[PlyCount "69"]

1. c4 c5 2. Nc3 Nc6 3. g3 g6 4. Bg2 Bg7 5. d3 d6 6. a3 a5 7. Rb1 e5 8. h4 Nge7
9. h5 O-O 10. Nf3 f6 11. hxg6 hxg6 12. Bd2 Kf7 13. Ne4 Bf5 14. Nh4 Bxe4 15.
dxe4 Rh8 16. Bc3 g5 17. Nf5 Rxh1+ 18. Bxh1 Nxf5 19. exf5 Ke7 20. Be4 Qd7 21. e3
Rh8 22. Qd5 Bf8 23. b4 axb4 24. axb4 cxb4 25. Bxb4 Ke8 26. Bc3 Rh7 27. Ra1 Qc8
28. Qb5 Be7 29. Ra7 Bd8 30. Rxb7 Rxb7 31. Bxc6+ Rd7 32. Bb4 Ke7 33. Qd5 Qb8 34.
Bb5 Kf8 35. Qe6 1-0

[Event "3.Nord-West-Cup"]
[Site "?"]
[Date "2001.02.02"]
[Round "2"]
[White "Kolthoff, Siegmund"]
[Black "Pikula, Dejan"]
[Result "0-1"]
[WhiteElo "2195"]
[BlackElo "2507"]
[PlyCount "82"]

1. d4 Nf6 2. Nf3 g6 3. c4 c5 4. d5 b5 5. cxb5 a6 6. bxa6 Bxa6 7. Nc3 Bg7 8. e4
Bxf1 9. Kxf1 d6 10. g3 O-O 11. Kg2 Nbd7 12. Re1 Nb6 13. a4 Nfd7 14. Re2 Ra6 15.
Rc2 Qa8 16. Bg5 f6 17. Bd2 Nxa4 18. Nxa4 Rxa4 19. Rcc1 Rxa1 20. Rxa1 Qb7 21.
Bc3 Ra8 22. Rb1 Ra6 23. Qe2 Bh6 24. h4 Ra4 25. h5 Qa6 26. Qc2 Nf8 27. Rh1 Bg7
28. Nh4 Kf7 29. Re1 Ra2 30. f4 Qc4 31. Qd2 Nd7 32. Nf3 Nb6 33. Re3 Bh6 34. Qc2
Na4 35. Nd2 Qb5 36. e5 dxe5 37. Ne4 exf4 38. Re2 Qb7 39. Kh3 Qxd5 40. Rd2 Qxh5+
41. Kg2 f3+ 0-1

[Event "3.Nord-West-Cup"]
[Site "?"]
[Date "2001.02.02"]
[Round "2"]
[White "Lanka, Zigurds"]
[Black "Meyer, Malte"]
[Result "1-0"]
[WhiteElo "2504"]
[BlackElo "2194"]
[PlyCount "95"]

1. e4 e6 2. d4 d5 3. Nc3 Nf6 4. Bg5 Be7 5. e5 Nfd7 6. Bxe7 Qxe7 7. f4 O-O 8.
Nf3 c5 9. Qd2 Nc6 10. dxc5 Nxc5 11. O-O-O a6 12. Qe3 b5 13. Bd3 Nxd3+ 14. cxd3
b4 15. Ne2 a5 16. Kb1 Bd7 17. Ned4 Nxd4 18. Nxd4 Rfc8 19. Rc1 Qd8 20. g4 Rxc1+
21. Rxc1 Rc8 22. g5 Rxc1+ 23. Kxc1 a4 24. Kd2 a3 25. b3 Qc7 26. Ne2 Kf8 27. Qd4
Qa5 28. Kc2 Bc8 29. Ng3 Qb5 30. Nf1 h6 31. h4 Kg8 32. Ne3 Kh7 33. Kd2 Ba6 34.
h5 Qb8 35. Nc2 Qd8 36. Qa7 hxg5 37. Qxf7 Qb6 38. fxg5 Qg1 39. g6+ Kh6 40. Qf3
Qh2+ 41. Qe2 Qh4 42. Ne3 Qf4 43. Kc2 Qd4 44. Ng4+ Kxh5 45. Nf6+ Kg5 46. Qh5+
Kf4 47. Qg4+ Ke3 48. Qg1+ 1-0

[Event "3.Nord-West-Cup"]
[Site "?"]
[Date "2001.02.02"]
[Round "2"]
[White "Welz, Peter"]
[Black "Mainka, Romuald"]
[Result "0-1"]
[WhiteElo "2192"]
[BlackElo "2482"]
[PlyCount "72"]

1. e4 c5 2. Nc3 Nc6 3. g3 g6 4. Bg2 Bg7 5. d3 d6 6. Be3 Rb8 7. Qd2 b5 8. Nf3 b4
9. Nd1 Nd4 10. Nh4 Qa5 11. O-O Qa4 12. Bxd4 Bxd4 13. Kh1 Bg7 14. f4 Nh6 15. f5
Ng4 16. Qg5 Ne5 17. b3 Qa3 18. fxg6 hxg6 19. Nf5 Bxf5 20. exf5 Rh5 21. Qc1 Qxc1
22. Rxc1 gxf5 23. Rb1 Kd7 24. Ne3 e6 25. g4 fxg4 26. Nxg4 f5 27. Nxe5+ Bxe5 28.
h3 Rb6 29. c4 bxc3 30. Rbc1 a5 31. Rg1 Bd4 32. Rgf1 Rh4 33. Rf3 Be5 34. Kg1 a4
35. bxa4 Rxa4 36. a3 Rb2 0-1

[Event "3.Nord-West-Cup"]
[Site "?"]
[Date "2001.02.02"]
[Round "2"]
[White "Jobava, Baadur"]
[Black "Wiertzema, Michael"]
[Result "1-0"]
[WhiteElo "2480"]
[BlackElo "2187"]
[PlyCount "85"]

1. d4 Nf6 2. c4 e6 3. Nf3 c5 4. d5 exd5 5. cxd5 Bd6 6. Nc3 Bc7 7. Bg5 Ba5 8. e4
d6 9. Bxf6 gxf6 10. Bb5+ Bd7 11. O-O Bxc3 12. Bxd7+ Qxd7 13. bxc3 Rg8 14. Nh4
Qh3 15. Qa4+ b5 16. Qxb5+ Nd7 17. Qc6 Rd8 18. f4 Qxh4 19. Qxd6 Qh3 20. Rf2 Qxc3
21. Raf1 Qd4 22. Kh1 Qxe4 23. Rb2 f5 24. Qh6 Rg6 25. Qxh7 Qxd5 26. Re2+ Re6 27.
Rxe6+ fxe6 28. Qh5+ Ke7 29. Qg5+ Ke8 30. Qh5+ Ke7 31. Qg5+ Nf6 32. Qg7+ Kd6 33.
Qxf6 Rg8 34. Qb2 c4 35. Qa3+ Kc7 36. Qxa7+ Qb7 37. Qf2 Qc6 38. Rc1 c3 39. h3
Rd8 40. Qa7+ Kc8 41. Rb1 Qc7 42. Qa6+ Kd7 43. Rb7 1-0

[Event "3.Nord-West-Cup"]
[Site "?"]
[Date "2001.02.02"]
[Round "2"]
[White "Fuhrmann, Dirk"]
[Black "Meijers, Viesturs"]
[Result "0-1"]
[WhiteElo "2144"]
[BlackElo "2478"]
[PlyCount "84"]

1. d4 d5 2. c4 e6 3. cxd5 exd5 4. Nc3 Nf6 5. Bg5 Be7 6. Qc2 Nbd7 7. e3 O-O 8.
Bd3 b6 9. Nf3 Bb7 10. O-O a6 11. Ne5 h6 12. Nxd7 Qxd7 13. Bf5 Qd8 14. Bf4 Bd6
15. Bxd6 Qxd6 16. Rac1 Rae8 17. Ne2 Re7 18. Ng3 Kh8 19. Bd3 g6 20. Qe2 Ra8 21.
Qc2 h5 22. h4 Ng4 23. Rfe1 Qf6 24. Nf1 Qxh4 25. f3 Nf6 26. g3 Qg5 27. Qh2 Kg7
28. b4 Ne8 29. Rc2 Nd6 30. Qf2 Qf6 31. Kg2 b5 32. Rc5 Nc4 33. Bxc4 bxc4 34. Qc2
h4 35. Qf2 hxg3 36. Qxg3 c6 37. Ra5 Rh8 38. Nh2 Bc8 39. Ra3 Rh3 40. Qf2 Re8 41.
Ng4 Bxg4 42. fxg4 Rh2+ 0-1

[Event "3.Nord-West-Cup"]
[Site "?"]
[Date "2001.02.02"]
[Round "2"]
[White "Enders, Peter"]
[Black "Schenk, Uwe"]
[Result "1-0"]
[WhiteElo "2475"]
[BlackElo "2148"]
[PlyCount "81"]

1. e4 c5 2. Nf3 e6 3. b3 b6 4. Bb2 Bb7 5. Qe2 d6 6. d4 cxd4 7. Nxd4 Nf6 8. Nd2
Be7 9. O-O-O O-O 10. g4 Nc6 11. Nxc6 Bxc6 12. g5 Nd7 13. h4 Qc7 14. Kb1 a5 15.
a3 Nc5 16. Rg1 Rfd8 17. h5 d5 18. g6 fxg6 19. hxg6 h6 20. exd5 exd5 21. Bh3 d4
22. Nf3 Bxf3 23. Qxf3 Bf6 24. Bxd4 Bxd4 25. Rxd4 Rxd4 26. Qxa8+ Rd8 27. Qf3 Rf8
28. Qd5+ Kh8 29. Rd1 Qf4 30. Qd6 Qf3 31. Bg2 Qf5 32. Qxb6 Ne4 33. Bxe4 Qxe4 34.
Rd8 Kg8 35. Qxa5 Qxg6 36. Qd5+ Qf7 37. Qxf7+ Kxf7 38. Rxf8+ Kxf8 39. a4 Ke7 40.
a5 Kd6 41. Kc1 1-0

[Event "3.Nord-West-Cup"]
[Site "?"]
[Date "2001.02.02"]
[Round "2"]
[White "Paust, Wolf-Dieter"]
[Black "Gaprindashvili, Valerian"]
[Result "0-1"]
[WhiteElo "2124"]
[BlackElo "2459"]
[PlyCount "122"]

1. e4 e6 2. Nc3 d5 3. d4 Nf6 4. Bg5 dxe4 5. Nxe4 Be7 6. Nxf6+ Bxf6 7. Bxf6 Qxf6
8. Nf3 O-O 9. Bd3 c5 10. Qe2 cxd4 11. Qe4 g6 12. Qxd4 e5 13. Qc3 Qc6 14. Qxc6
Nxc6 15. O-O-O f6 16. Bc4+ Kg7 17. Rd6 Bg4 18. Nd2 Bf5 19. f3 Rad8 20. Ne4 Bxe4
21. Rxd8 Rxd8 22. fxe4 f5 23. exf5 gxf5 24. Rd1 Kf6 25. Rxd8 Nxd8 26. Kd2 e4
27. Ke3 Ke5 28. g3 Nc6 29. c3 Ne7 30. b3 h6 31. a3 Nc8 32. a4 Nd6 33. Be2 a5
34. Bf1 b6 35. Be2 Ne8 36. h4 Nf6 37. Bc4 Nh5 38. Kf2 f4 39. gxf4+ Kxf4 40. Bf7
Ng3 41. b4 e3+ 42. Ke1 Ne4 43. bxa5 bxa5 44. c4 Ke5 45. Bg6 Nc3 46. Be8 Kd4 47.
Bb5 Kc5 48. h5 Kb4 49. Ba6 Kc5 50. Bb5 Kd4 51. Kf1 Ne4 52. Ke2 Ng3+ 53. Kf3
Nxh5 54. c5 Nf6 55. c6 Nd5 56. Kg4 Kc3 57. Kf5 Nc7 58. Kf4 Kd2 59. Kf3 h5 60.
Bc4 h4 61. Kg4 e2 0-1

[Event "3.Nord-West-Cup"]
[Site "?"]
[Date "2001.02.02"]
[Round "2"]
[White "Tseitlin, Mikhail S"]
[Black "Schneider, Ilja"]
[Result "1/2-1/2"]
[WhiteElo "2431"]
[BlackElo "2132"]
[PlyCount "118"]

1. Nf3 c5 2. c3 g6 3. d4 Bg7 4. e4 Qc7 5. Be2 d6 6. O-O Nf6 7. Re1 O-O 8. Nbd2
e5 9. dxe5 dxe5 10. a4 Nc6 11. Qc2 Rd8 12. Nc4 h6 13. Be3 Be6 14. Nfd2 Nd4 15.
Qd1 Rac8 16. f3 Nxe2+ 17. Qxe2 Nh5 18. g3 Qd7 19. Red1 Qd3 20. Kf2 f5 21. exf5
gxf5 22. Qxd3 Rxd3 23. Ke2 e4 24. Na3 Rd7 25. Ndc4 exf3+ 26. Kxf3 Bd5+ 27. Kf2
Nf6 28. Bf4 Ne4+ 29. Kg1 Ng5 30. Ne3 Nh3+ 31. Kf1 Nxf4 32. gxf4 Rcd8 33. Nxd5
Rxd5 34. Rxd5 Rxd5 35. Nc4 Rd3 36. Kg2 Kf7 37. Re1 b6 38. Re2 Bf6 39. Rd2 Rxd2+
40. Nxd2 Ke6 41. Kf3 a6 42. Ke2 b5 43. axb5 axb5 44. c4 bxc4 45. Nxc4 Bd8 46.
b3 Kd5 47. Ke3 Bc7 48. h3 Bb8 49. Nb2 Ba7 50. Nc4 Bb8 51. Kf3 Kd4 52. Ne3 Kc3
53. Nxf5 Kxb3 54. Ke4 c4 55. Nd4+ Kb2 56. f5 c3 57. f6 Bd6 58. Kd3 Bc5 59. Nc2
Bf8 1/2-1/2

[Event "3.Nord-West-Cup"]
[Site "?"]
[Date "2001.02.02"]
[Round "2"]
[White "Neurohr, Juergen"]
[Black "Meins, Gerlef"]
[Result "0-1"]
[WhiteElo "2085"]
[BlackElo "2426"]
[PlyCount "92"]

1. d4 d5 2. c4 dxc4 3. e3 Nf6 4. Bxc4 e6 5. Nf3 c5 6. O-O a6 7. a4 Nc6 8. Qe2
cxd4 9. Rd1 Be7 10. exd4 O-O 11. Nc3 Nb4 12. Ne5 b6 13. Ne4 Bb7 14. Ng5 Bd5 15.
Ra3 Rc8 16. Rh3 Bxc4 17. Nxc4 Nbd5 18. Ne5 Qc7 19. Rhd3 h6 20. Nh3 Qc2 21. R3d2
Qxa4 22. g4 Bd6 23. g5 Bxe5 24. dxe5 Qg4+ 25. Qxg4 Nxg4 26. Re2 hxg5 27. Bxg5
Rc4 28. f3 Nh6 29. Bxh6 gxh6 30. Re4 Rfc8 31. b3 Rc1 32. Rxc1 Rxc1+ 33. Kf2 Rb1
34. Rg4+ Kf8 35. Rh4 Kg7 36. Rg4+ Kh7 37. Nf4 Rxb3 38. Nh5 Rb2+ 39. Kg3 Re2 40.
Rg7+ Kh8 41. Rxf7 Rxe5 42. Nf4 Nxf4 43. Kxf4 Rf5+ 44. Rxf5 exf5 45. Kxf5 Kg7
46. Ke6 Kf8 0-1

[Event "3.Nord-West-Cup"]
[Site "?"]
[Date "2001.02.02"]
[Round "2"]
[White "Gudat, Alfons"]
[Black "Lingnau, Carsten"]
[Result "0-1"]
[WhiteElo "2072"]
[BlackElo "2421"]
[PlyCount "70"]

1. e4 e5 2. Nf3 Nc6 3. Bb5 a6 4. Ba4 Nf6 5. d3 d6 6. c3 g6 7. O-O Bg7 8. Nbd2
O-O 9. Re1 b5 10. Bb3 Na5 11. Bc2 c5 12. Nf1 h6 13. a4 Bb7 14. Ng3 Re8 15. h3
d5 16. axb5 axb5 17. Be3 Qc7 18. b4 cxb4 19. cxb4 dxe4 20. Nxe5 Nd5 21. Rxa5
Bxe5 22. Nxe4 Nxb4 23. Rxa8 Rxa8 24. Bb3 Bxe4 25. dxe4 h5 26. Qe2 Qc3 27. Bd5
Nxd5 28. exd5 Ra2 29. Qf1 b4 30. Rc1 Rc2 31. Rxc2 Qxc2 32. f4 Bf6 33. Qb5 b3
34. Bc5 Qd1+ 35. Kh2 Qxd5 0-1

[Event "3.Nord-West-Cup"]
[Site "?"]
[Date "2001.02.02"]
[Round "2"]
[White "Jugelt, Tobias"]
[Black "Wahrenberg, Ralf"]
[Result "1-0"]
[WhiteElo "2386"]
[BlackElo "2066"]
[PlyCount "73"]

1. d4 Nf6 2. Bg5 Ne4 3. Bf4 c5 4. f3 Nf6 5. dxc5 Qa5+ 6. Nc3 Qxc5 7. e4 d6 8.
Qd2 a6 9. Be3 Qa5 10. Bc4 Nc6 11. Nd5 Qxd2+ 12. Kxd2 Nxd5 13. exd5 Ne5 14. Be2
b5 15. b3 g6 16. f4 Ng4 17. Bd4 Nf6 18. Bxf6 exf6 19. Re1 Be7 20. Bd3 Ra7 21.
Nf3 O-O 22. Nd4 Bd8 23. Nc6 Rc7 24. c4 bxc4 25. bxc4 Bb7 26. Nxd8 Rxd8 27. Ke3
a5 28. Kd4 Ba6 29. Rb1 Rc5 30. Rb6 Bc8 31. Rhb1 Kg7 32. Rxd6 Rxc4+ 33. Bxc4
Rxd6 34. Kc5 Rd7 35. d6 f5 36. Rb8 Bb7 37. Bb5 1-0

[Event "3.Nord-West-Cup"]
[Site "?"]
[Date "2001.02.02"]
[Round "2"]
[White "Roth, Stefan"]
[Black "Khamrakulov, Ibragim S"]
[Result "0-1"]
[WhiteElo "2062"]
[BlackElo "2359"]
[PlyCount "42"]

1. e4 c5 2. Nf3 a6 3. d4 cxd4 4. Nxd4 Nf6 5. Nc3 e5 6. Nf3 Bb4 7. Bd2 d6 8. Nd5
Nxd5 9. exd5 Bxd2+ 10. Qxd2 O-O 11. Be2 f5 12. O-O Qf6 13. c4 f4 14. Rac1 e4
15. Nd4 f3 16. Bd1 Qg6 17. g3 Qg4 18. Kh1 Nd7 19. Ne6 Ne5 20. Nf4 Rxf4 21. Qxf4
Qh3 0-1

[Event "3.Nord-West-Cup"]
[Site "?"]
[Date "2001.02.02"]
[Round "2"]
[White "Hermann, Manfred"]
[Black "Zschischang, Marine"]
[Result "1-0"]
[WhiteElo "2351"]
[BlackElo "2038"]
[PlyCount "113"]

1. e4 e6 2. d4 d5 3. Nc3 dxe4 4. Nxe4 Nd7 5. Nf3 Ngf6 6. Nxf6+ Nxf6 7. Bg5 c5
8. dxc5 Qa5+ 9. c3 Qxc5 10. Bd3 b6 11. Qe2 Bd6 12. O-O-O Bb7 13. Bb5+ Bc6 14.
Bxc6+ Qxc6 15. Nd4 Qe4 16. Qb5+ Kf8 17. g3 Bc5 18. Rhe1 Qg6 19. Bf4 Kg8 20. Qc6
Rf8 21. f3 h6 22. Bd6 Bxd6 23. Qxd6 Kh7 24. Nc6 Qh5 25. Qd3+ g6 26. h4 Qd5 27.
Qxd5 Nxd5 28. Kb1 a5 29. c4 Nf6 30. Rd6 Kg7 31. Ne5 Rb8 32. a4 Rb7 33. g4 g5
34. h5 Rc8 35. b3 Ne8 36. Rd2 Nf6 37. Red1 Rc5 38. Nd3 Rcc7 39. Kb2 Nd7 40. Re1
Kf6 41. Kc3 Rc6 42. Rf1 e5 43. Nf2 Ke6 44. Ne4 f5 45. gxf5+ Kxf5 46. Nd6+ Rxd6
47. Rxd6 Nf6 48. Re1 Rb8 49. b4 Rb7 50. b5 Rb8 51. c5 bxc5 52. Kc4 Rh8 53. b6
Nxh5 54. b7 Nf4 55. Rxh6 Rb8 56. Rb1 Ne6 57. Rb6 1-0

[Event "3.Nord-West-Cup"]
[Site "?"]
[Date "2001.02.02"]
[Round "2"]
[White "Hedke, Fred"]
[Black "Segelken, Peter"]
[Result "1-0"]
[WhiteElo "2347"]
[BlackElo "2015"]
[PlyCount "65"]

1. e4 d5 2. exd5 e6 3. c4 exd5 4. d4 Bb4+ 5. Nc3 Nf6 6. Nf3 O-O 7. Be2 Ne4 8.
Qb3 Qe7 9. Be3 Bg4 10. cxd5 Re8 11. O-O Bxc3 12. bxc3 Nd7 13. Rfe1 Kh8 14. Rac1
f5 15. Bf4 Ndf6 16. Bb5 Rf8 17. Ng5 Nh5 18. Ne6 Nxf4 19. Nxf4 Qh4 20. Qc2 Rf6
21. Re3 Rh6 22. h3 g5 23. g3 gxf4 24. gxh4 fxe3 25. hxg4 exf2+ 26. Kg2 Rxh4 27.
Be2 Rg8 28. Bf3 h5 29. Rf1 hxg4 30. Bxe4 f4 31. Kxf2 Rh2+ 32. Bg2 f3 33. Rh1
1-0

[Event "3.Nord-West-Cup"]
[Site "?"]
[Date "2001.02.02"]
[Round "2"]
[White "Wippermann, Till"]
[Black "Tschetschelnizki, Boris"]
[Result "1/2-1/2"]
[WhiteElo "2306"]
[BlackElo "2254"]
[PlyCount "81"]

1. e4 e6 2. f4 d5 3. e5 c5 4. Nf3 Nc6 5. c3 Nh6 6. Na3 Nf5 7. Bd3 Be7 8. Nc2 d4
9. O-O h5 10. b3 Qb6 11. Kh1 Bd7 12. cxd4 Nfxd4 13. Nfxd4 cxd4 14. Qe2 O-O-O
15. Ba3 Nb4 16. Rfc1 Kb8 17. Bxb4 Bxb4 18. Nxb4 Qxb4 19. Be4 Rc8 20. Rc4 Qb6
21. Rxc8+ Bxc8 22. Rc1 Bd7 23. d3 g6 24. g3 Rc8 25. Rxc8+ Bxc8 26. Qc2 Qa5 27.
Kg2 Qc3 28. Qe2 a5 29. h3 Bd7 30. g4 hxg4 31. hxg4 a4 32. bxa4 Bxa4 33. f5 gxf5
34. gxf5 Bc6 35. fxe6 fxe6 36. Bxc6 Qxc6+ 37. Kg3 Qd5 38. Kf4 Qd8 39. Qh5 Qd5
40. Qe8+ Ka7 41. Qa4+ 1/2-1/2

[Event "3.Nord-West-Cup"]
[Site "?"]
[Date "2001.02.02"]
[Round "2"]
[White "Margraf, Daniel"]
[Black "Wolter, Kai"]
[Result "1-0"]
[WhiteElo "2011"]
[BlackElo "2286"]
[PlyCount "103"]

1. e4 c5 2. Nc3 Nc6 3. Bc4 g6 4. f4 Bg7 5. f5 e6 6. Nf3 Nge7 7. fxe6 fxe6 8. d3
d5 9. Bb3 O-O 10. O-O b5 11. Nxb5 Na5 12. Nc3 c4 13. dxc4 Qb6+ 14. c5 Qxc5+ 15.
Kh1 d4 16. Ne2 Nxb3 17. axb3 e5 18. Bg5 Nc6 19. Qd2 a5 20. Nc1 Ba6 21. Rf2 Rac8
22. c4 Bb7 23. Nd3 Qb6 24. Raf1 Qc7 25. Bh6 Rce8 26. Bxg7 Kxg7 27. Ng5 Nd8 28.
Rxf8 Rxf8 29. Rxf8 Kxf8 30. b4 Qxc4 31. bxa5 Ba6 32. Qb4+ Qxb4 33. Nxb4 Bb7 34.
Nxh7+ Kg7 35. Ng5 Kf6 36. h4 Nf7 37. a6 Bxa6 38. Nxa6 Nxg5 39. hxg5+ Kxg5 40.
Nc5 Kf4 41. b4 d3 42. Nxd3+ Kxe4 43. Nc1 Kd4 44. Kg1 Kc4 45. Kf2 e4 46. Ke3
Kxb4 47. Kxe4 Kc3 48. Ne2+ Kd2 49. Nf4 g5 50. g4 Ke1 51. Kf5 gxf4 52. Kxf4 1-0

[Event "3.Nord-West-Cup"]
[Site "?"]
[Date "2001.02.02"]
[Round "2"]
[White "Buntemeyer, Axel"]
[Black "Pericic, Boris"]
[Result "0-1"]
[WhiteElo "1641"]
[BlackElo "1866"]
[PlyCount "62"]

1. Nf3 Nf6 2. d4 g6 3. g3 Bg7 4. Bg2 d6 5. Nbd2 Nbd7 6. e4 e5 7. O-O O-O 8. d5
Nc5 9. Qe1 a5 10. Kh1 c6 11. Ng1 cxd5 12. exd5 Bf5 13. Qd1 Qd7 14. Nc4 Qc7 15.
Ne3 Bd7 16. h3 Rac8 17. Ne2 Nh5 18. Nc3 b5 19. a3 b4 20. axb4 axb4 21. Ne4 Nxe4
22. Bxe4 Bxh3 23. Rg1 f5 24. Bxf5 Bxf5 25. Nxf5 Rxf5 26. g4 Rxf2 27. gxh5 Qc4
28. Qg4 Qxd5+ 29. Rg2 Rcxc2 30. h6 Rxg2 31. Ra8+ Bf8 0-1

[Event "3.Nord-West-Cup"]
[Site "?"]
[Date "2001.02.02"]
[Round "2"]
[White "Asendorf, Joachim"]
[Black "Rau, Uwe"]
[Result "1-0"]
[WhiteElo "2268"]
[BlackElo "2190"]
[PlyCount "79"]

1. c4 Nf6 2. Nc3 c5 3. g3 Nc6 4. Bg2 e6 5. Nf3 Be7 6. O-O O-O 7. d4 cxd4 8.
Nxd4 a6 9. b3 Qc7 10. Bb2 d6 11. Rc1 Nxd4 12. Qxd4 Bd7 13. Rfd1 Rad8 14. h3 Qb8
15. Qb6 Bc8 16. Ne4 Nxe4 17. Bxe4 f5 18. Bf3 Kh8 19. Rc2 Rd7 20. Rcd2 Bd8 21.
Qe3 Ba5 22. Rd3 Rdd8 23. Ba3 Bc7 24. Qd2 e5 25. Bxd6 Bxd6 26. Rxd6 Rde8 27. Bh5
f4 28. Bxe8 fxg3 29. Bf7 gxf2+ 30. Kh2 Qc7 31. Bh5 e4 32. Kg2 e3 33. Qd4 b5 34.
Bf3 Bb7 35. Rd7 Bxf3+ 36. exf3 Qxd7 37. Qxd7 e2 38. Kxf2 exd1=Q 39. Qxd1 bxc4
40. bxc4 1-0

[Event "3.Nord-West-Cup"]
[Site "?"]
[Date "2001.02.02"]
[Round "2"]
[White "Fischbach, Harald"]
[Black "Zschischang, Gunnar"]
[Result "1-0"]
[WhiteElo "2220"]
[BlackElo "2237"]
[PlyCount "61"]

1. e4 c5 2. Nf3 Nc6 3. d4 cxd4 4. Nxd4 Nf6 5. Nc3 e5 6. Nb3 Bb4 7. a3 Bxc3+ 8.
bxc3 Nxe4 9. Qg4 d5 10. Qxg7 Qf6 11. Qxf6 Nxf6 12. g3 Ne4 13. c4 d4 14. Bd3 Bf5
15. f4 exf4 16. O-O Bg6 17. Re1 O-O-O 18. Rxe4 Bxe4 19. Bxe4 fxg3 20. hxg3 Ne5
21. Bf4 f6 22. Na5 b6 23. Bf5+ Kc7 24. Nb3 Kb7 25. c5 bxc5 26. Nxc5+ Kc6 27.
Ne6 Rd6 28. Rd1 Re8 29. Be4+ Kb6 30. Rb1+ Ka5 31. Nc5 1-0

[Event "3.Nord-West-Cup"]
[Site "?"]
[Date "2001.02.02"]
[Round "2"]
[White "Issel, Oliver"]
[Black "Da Costa, Martin"]
[Result "1/2-1/2"]
[WhiteElo "2236"]
[BlackElo "1994"]
[PlyCount "102"]

1. d4 Nf6 2. c4 g6 3. Nc3 Bg7 4. e4 O-O 5. Nf3 d6 6. Be2 e5 7. O-O Nc6 8. d5
Ne7 9. Bg5 Nd7 10. Ne1 h6 11. Be3 f5 12. f3 f4 13. Bf2 h5 14. b4 g5 15. c5 Nf6
16. cxd6 cxd6 17. Rc1 Ng6 18. Nb5 Rf7 19. Qc2 Ne8 20. a4 a6 21. Na3 Bd7 22. a5
Rc8 23. Qd2 Rxc1 24. Qxc1 g4 25. Nc4 g3 26. hxg3 fxg3 27. Bxg3 h4 28. Bh2 Nf4
29. Bxf4 exf4 30. e5 dxe5 31. Nd3 Qg5 32. Nc5 h3 33. Rf2 e4 34. Nxe4 Qxd5 35.
Nb6 Qc6 36. Qxc6 Bxc6 37. Bc4 Bd4 38. gxh3 Bxe4 39. fxe4 Nd6 40. Bxf7+ Kxf7 41.
Kg2 Bxf2 42. Kxf2 Nxe4+ 43. Kf3 Ng5+ 44. Kg4 f3 45. Kg3 f2 46. Kxf2 Nxh3+ 47.
Kg3 Ng1 48. Na4 Ke6 49. Nc5+ Kd5 50. Nxb7 Kc4 51. Nc5 Kxb4 1/2-1/2

[Event "3.Nord-West-Cup"]
[Site "?"]
[Date "2001.02.02"]
[Round "2"]
[White "Tschetschelnizki, Mikhail"]
[Black "Schmidt, Harald"]
[Result "0-1"]
[WhiteElo "2139"]
[BlackElo "2227"]
[PlyCount "82"]

1. d4 Nf6 2. Nf3 c5 3. c3 Qc7 4. e3 d5 5. Bd3 Bg4 6. Nbd2 Nc6 7. O-O cxd4 8.
exd4 e6 9. h3 Bh5 10. Re1 Bd6 11. Be2 O-O 12. Ne5 Bxe2 13. Qxe2 Nd7 14. Ndf3
Rae8 15. Bf4 Nb6 16. Nxc6 bxc6 17. Bxd6 Qxd6 18. Ne5 f6 19. Nd3 e5 20. Qe3 e4
21. Qf4 Qxf4 22. Nxf4 g5 23. Ne2 f5 24. b3 f4 25. Kf1 h5 26. Rac1 g4 27. hxg4
hxg4 28. c4 e3 29. f3 Re6 30. Ng1 dxc4 31. bxc4 Rd8 32. Red1 gxf3 33. gxf3 Rh6
34. d5 Kf7 35. dxc6 Rd2 36. Rxd2 exd2 37. Rd1 Nxc4 38. Ke2 Rh2+ 39. Kd3 Nb2+
40. Kc2 Nxd1 41. Kxd1 Rh1 0-1

[Event "3.Nord-West-Cup"]
[Site "?"]
[Date "2001.02.02"]
[Round "2"]
[White "Leiber, Bernhard"]
[Black "Polenz, Fredrik"]
[Result "1-0"]
[WhiteElo "2222"]
[BlackElo "1946"]
[PlyCount "103"]

1. e4 d6 2. d4 Nf6 3. Nc3 e5 4. dxe5 dxe5 5. Qxd8+ Kxd8 6. Bg5 Be6 7. O-O-O+
Nbd7 8. Nf3 Bd6 9. Bb5 Kc8 10. Rhe1 a6 11. Ba4 b5 12. Bb3 Bxb3 13. axb3 Ng4 14.
h3 Ngf6 15. Nh4 g6 16. Bh6 Kb7 17. f4 Rhe8 18. f5 Ng8 19. Be3 Ne7 20. Rf1 f6
21. g4 g5 22. Nf3 Rad8 23. h4 h6 24. Rh1 Bc5 25. Bxc5 Nxc5 26. b4 Nd7 27. hxg5
hxg5 28. Rh7 Kc6 29. Rdh1 Nb6 30. Rf7 Ng8 31. Rhh7 Rd7 32. Rxd7 Nxd7 33. Nd5
Kd6 34. Kd2 c6 35. Ne3 Ne7 36. Rh6 Rg8 37. Nf1 Kc7 38. Ng3 Rg7 39. Nh5 Rf7 40.
Ne1 Nc8 41. b3 Ncb6 42. Nd3 Kb7 43. Rh8 Kc7 44. Ke3 Kb7 45. Rg8 Kc7 46. Ng7 Kb7
47. Kf3 Re7 48. Kg3 Rf7 49. Ne6 Rh7 50. Rg6 Rh1 51. Ndc5+ Kc8 52. Rg8+ 1-0

[Event "3.Nord-West-Cup"]
[Site "?"]
[Date "2001.02.02"]
[Round "2"]
[White "Brinkmann, Georg"]
[Black "Martschausky, Thomas"]
[Result "1-0"]
[WhiteElo "1931"]
[BlackElo "2220"]
[PlyCount "189"]

1. d4 d6 2. c4 e5 3. Nf3 e4 4. Nfd2 f5 5. e3 Nf6 6. Nc3 c6 7. b4 Be7 8. Be2 O-O
9. O-O d5 10. b5 Be6 11. Rb1 Nbd7 12. c5 Qc7 13. f4 exf3 14. gxf3 f4 15. Nb3
Nh5 16. e4 Rf6 17. bxc6 bxc6 18. exd5 Rg6+ 19. Kh1 cxd5 20. Bd3 Rh6 21. Re1 Bh4
22. Rxe6 Rxe6 23. Nxd5 Qd8 24. Be4 Ndf6 25. Nxf6+ Nxf6 26. Qd3 Nxe4 27. fxe4
Qg5 28. Qf3 Qg6 29. Nd2 Rae8 30. Ba3 Qh6 31. e5 Bg3 32. Nf1 Qh3 33. c6 Rh6 34.
c7 Rb6 35. Rc1 Qd7 36. hxg3 fxg3 37. Bd6 Rb2 38. Nxg3 Qh3+ 39. Kg1 h5 40. e6
Qxe6 41. Nxh5 Qg6+ 42. Qg3 Qxh5 43. c8=Q Rxc8 44. Rxc8+ Kh7 45. Qd3+ Qg6+ 46.
Qxg6+ Kxg6 47. a3 Kf5 48. Rc7 g5 49. Rxa7 Ke4 50. Re7+ Kf3 51. Rf7+ Ke4 52. Be5
Ra2 53. Rg7 Rxa3 54. Rxg5 Kd5 55. Rg6 Ra2 56. Rg2 Ra3 57. Kh2 Rf3 58. Rc2 Rf7
59. Kg3 Rf8 60. Bg7 Rf1 61. Rc5+ Ke4 62. Re5+ Kd3 63. Rg5 Ke4 64. Rg4+ Kf5 65.
Kg2 Ra1 66. Rg3 Ke4 67. Rg5 Ra3 68. Re5+ Kd3 69. d5 Ra7 70. Rg5 Rd7 71. Bf8 Rf7
72. Rg8 Kc4 73. d6 Kd5 74. Be7 Ke6 75. Rf8 Rh7 76. Kf3 Rh5 77. Rd8 Rb5 78. Ra8
Rd5 79. Ke4 Rd1 80. Ra3 Kd7 81. Rd3 Re1+ 82. Kd5 Rc1 83. Rd4 Rc2 84. Rc4 Rd2+
85. Kc5 Rd1 86. Kb5 Rb1+ 87. Rb4 Rc1 88. Ka6 Rd1 89. Kb7 Rc1 90. Rb6 Rc2 91.
Ka7 Ra2+ 92. Kb8 Rd2 93. Rb7+ Ke6 94. Kc8 Rh2 95. d7 1-0

[Event "3.Nord-West-Cup"]
[Site "?"]
[Date "2001.02.02"]
[Round "2"]
[White "Wittje, Berthold"]
[Black "Schmitz-Jordan, Juergen"]
[Result "1/2-1/2"]
[WhiteElo "2216"]
[BlackElo "2001"]
[PlyCount "66"]

1. Nf3 Nf6 2. g3 b6 3. Bg2 Bb7 4. O-O e6 5. c4 Be7 6. Nc3 c5 7. d4 cxd4 8. Qxd4
Nc6 9. Qd2 d6 10. Rd1 a6 11. b3 Qc7 12. Ba3 Rd8 13. Rac1 Qb8 14. e4 O-O 15. Qe2
Rd7 16. Na4 Bc8 17. Qe3 Rb7 18. h3 Bd7 19. e5 dxe5 20. Bxe7 Nxe7 21. Nxe5 Nf5
22. Nxd7 Nxd7 23. Qe2 Ra7 24. Nc3 Rd8 25. b4 Nf6 26. Ne4 Nxe4 27. Bxe4 Ne7 28.
c5 bxc5 29. bxc5 Qc8 30. c6 Rxd1+ 31. Qxd1 Qc7 32. Qd7 Qxd7 33. cxd7 Rxd7
1/2-1/2

[Event "3.Nord-West-Cup"]
[Site "?"]
[Date "2001.02.02"]
[Round "2"]
[White "Ohse, Andreas"]
[Black "Schuette, Marc"]
[Result "0-1"]
[WhiteElo "1956"]
[BlackElo "2209"]
[PlyCount "58"]

1. c4 c6 2. g3 d5 3. Bg2 e6 4. Nf3 Bd6 5. O-O b5 6. b3 Nf6 7. d3 O-O 8. e4 Be7
9. Bb2 bxc4 10. exd5 c3 11. Nxc3 cxd5 12. Ne5 Qb6 13. Qe2 Rd8 14. Rfc1 Ba6 15.
Na4 Qb5 16. Rc7 Qe8 17. Rac1 Bd6 18. Nxf7 Bxc7 19. Bh3 Kxf7 20. Rxc7+ Rd7 21.
Bxf6 Rxc7 22. Qh5+ Kf8 23. Qg5 Bxd3 24. Bd4 Bg6 25. Nc5 Rxc5 26. Bxc5+ Kg8 27.
Qe5 Nd7 28. Bxe6+ Kh8 29. Qxd5 Nxc5 0-1

[Event "3.Nord-West-Cup"]
[Site "?"]
[Date "2001.02.02"]
[Round "2"]
[White "John, Oliver"]
[Black "Vasiljevic, Dragan"]
[Result "0-1"]
[WhiteElo "1623"]
[BlackElo "2339"]
[PlyCount "66"]

1. d4 Nf6 2. c4 c5 3. d5 g6 4. Nc3 Bg7 5. e4 O-O 6. Be2 d6 7. Bg5 Qa5 8. Qd2 a6
9. f3 Re8 10. Bd3 e6 11. Nge2 exd5 12. Bxf6 Bxf6 13. Nxd5 Qd8 14. Nxf6+ Qxf6
15. O-O Nc6 16. Nc3 Qd4+ 17. Kh1 Be6 18. Ne2 Qg7 19. b3 Rab8 20. Rad1 b5 21.
cxb5 axb5 22. Nc3 Nd4 23. Bc2 Red8 24. Rf2 b4 25. Ne2 Nc6 26. Nf4 Nd4 27. Ne2
Nb5 28. Bd3 Na7 29. Rc1 Nc6 30. Rd1 Ne5 31. Rc1 d5 32. Qc2 c4 33. bxc4 dxc4 0-1